| 000 | 00468nam a22001817a 4500 | ||
|---|---|---|---|
| 003 | CEME | ||
| 005 | 20210628202515.0 | ||
| 008 | 210121b xxu||||| |||| 00| 0 eng d | ||
| 020 | _a0-07-048660-3 | ||
| 040 | _cceme | ||
| 082 | _a658.421 HIR | ||
| 100 |
_aHisrich , Robert . D ,Peters , Michael . P _960213 |
||
| 245 | _aEntrepreneurship | ||
| 260 |
_aINDIA _bTATA MCGRAW HILL _c2005 |
||
| 300 | _aXIX,663P | ||
| 650 |
_aENTREPRENEURSHIP _97069 |
||
| 942 |
_cBK _2ddc |
||
| 999 |
_c570004 _d570004 |
||